00778nam a2200205Ia 4500003000900000008004100009040001600050080001900066100002500085245012100110260003000231300001600261490006900277650003400346650003100380650001900411942000700430999001500437952012000452IN-BaIIA211028s9999 xx 000 0 eng d cIIA Library a517.927bSTA-1 aStakgold, Ivar95130 0aBoundary value problems of mathematical physicsbvol. IcIvar Stakgold  aNew YorkbMacmillanc1967 aviii, 340p. aMacmillan series in advanced mathematics and theoretical physics aBoundary Value Problems95131 aMathematical Physics91525 aNASA Thesaurus cBK c2872d2872 00104070aBANbBANcGENd1967-03-30g86.04l0o517.927/ STA-1p3196r2021-11-05v86.04w1967-03-30yBKGRs. 86.04